Hodná holka /

Uloženo v:
Hlavní autor: Sněgoňová, Kristýna, 1986- (Autor)
Médium: Kniha
Jazyk:Czech
Vydáno: Praha : Dobrovský s.r.o., 2026
Edice:Vendeta
Celkem bylo vypůjčeno:0x
Tagy:
Žádné tagy
LEADER 01031nam a2200301 i 4500
001 106440
003 CZ PrNK
005 20260602122946.0
007 ta
008 260529s2026 xr 000 f cze
015 |a cnb003761194 
020 |a 9788027775743  |q (brožováno) :  |c Kč 399,00 
040 |a ABG001  |b cze  |e rda 
100 1 |a Sněgoňová, Kristýna,  |d 1986-  |7 xx0125097  |4 aut  |9 111296 
245 1 0 |a Hodná holka /  |c Kristýna Sněgoňová 
264 1 |a Praha :  |b Dobrovský s.r.o.,  |c 2026 
300 |a 302 stran ;  |c 20 cm 
336 |a text  |b txt  |2 rdacontent 
337 |a bez média  |b n  |2 rdamedia 
338 |a svazek  |b nc  |2 rdacarrier 
490 1 |a Vendeta 
500 |a Obálkový podnázev: první případ detektivní kanceláře Veselá pravda 
710 2 |a Dobrovský (firma)  |7 olak2017946581  |4 pbl  |9 117120 
830 0 |a Vendeta 
910 |a UOG502 
942 |2 ddc  |c KN 
999 |d 106440 
993 |0 0  |1 421180107154  |2 ddc  |4 0  |7 0  |9 99867  |b 0  |c 107154  |d 2026-06-02  |e 0  |f DOSP  |h 399.00  |i Koupě  |l DOSP  |r 2026-06-02  |t 6  |w 2026-06-02  |y KN  |z KRIMI  |n